'NOV' Words Quiz Stats

Quiz Updated Nov 10, 2015

Also try: Click the -ATION
Challenge
Share
Tweet
Embed
Score 0/20 Timer 07:00
18 Plays Today
% Correct
November
98.4%
Renovate
96.6%
Novice
94.7%
Novel
92.4%
Nova
92.1%
Novelty
91.8%
Rhinovirus
91.8%
Renovascular
90.6%
Novemdecillion
88.1%
Turnover
83.6%
% Correct
Novobiocin
82.1%
Villanova
79.9%
Genovia
76.7%
Runover
74.9%
Novaculite
72.3%
Novation
57.5%
Cognovit
55.1%
Synovia
40.7%
Novercal
30.6%
Ergonovine
27.4%

You're not logged in!

Compare scores with friends on all Sporcle quizzes.
Sign Up with Email
OR
Log In

You Might Also Like...

Show Comments

Extras

Top Quizzes Today


Score Distribution

Your Account Isn't Verified!

In order to create a playlist on Sporcle, you need to verify the email address you used during registration. Go to your Sporcle Settings to finish the process.

Report this User

Report this user for behavior that violates our Community Guidelines.

Details: